| 000 | 00818nam a2200229Ia 4500 | ||
|---|---|---|---|
| 003 | OSt | ||
| 005 | 20201007174811.0 | ||
| 008 | 191128s2006 sp ad gr 000 0 spa d | ||
| 020 | _a8423423824 | ||
| 040 |
_aCO-JMCR _cCO-JMCR |
||
| 041 | 0 | _aspa | |
| 082 | 0 | 4 |
_a658.4092 / _bP481g _223 |
| 100 | 1 |
_aPeters, Tom, _dautor _9370 |
|
| 245 | 1 | 0 |
_aGestionar con imaginación / _cTom Peters |
| 260 |
_aBarcelona : _bEdiciones Deusto, _c2006. |
||
| 300 |
_a170 páginas : _bgráficos a blanco y negro ; _c24 cm. |
||
| 500 | _aIncluye notas a pie de páginas. | ||
| 505 | 0 | _aInnovar o morir -- El mundo según Tom Peters -- El proyecto boom -- Las verdades consefiones de Tom Peters -- Los principios de Peters | |
| 650 | 2 | 4 |
_aAdministración _9371 |
| 650 | 2 | 4 |
_aCapacidad creativa en los negocios _911326 |
| 942 |
_2ddc _cBK |
||
| 999 |
_c4624 _d4624 |
||